000 00398nam a2200121Ia 4500
008 220620s9999||||xx |||||||||||||| ||und||
245 0 _aAspects on Fundaments and Applications of Conducting Polymers
546 _aEnglish[eng]
650 _aPolymer chemistry
700 _ade Jesus Motheo, Artur
856 _uhttps://mts.intechopen.com/storage/books/594/authors_book/authors_book.pdf
942 _cEB
999 _c25736
_d25736